| 000 | 00663nam a2200229Ia 4500 | ||
|---|---|---|---|
| 003 | OSt | ||
| 005 | 20251023181700.0 | ||
| 008 | 210423s2000 xx 000 0 und d | ||
| 020 | _a761962719 | ||
| 040 | _cAL | ||
| 041 | _aEnglish | ||
| 082 |
_a361.3 _bHEAS |
||
| 100 |
_aKaren Healy _9109424 |
||
| 245 |
_aSocial work practices _b: contemporary perspectives on change |
||
| 260 |
_aNew Delhi _bSage Publications _c2000 |
||
| 300 |
_aix,165 _bPB |
||
| 365 |
_b1242 _cINR |
||
| 650 |
_aSocial Problems & Services _9109425 |
||
| 650 |
_aSocial Work _9109426 |
||
| 906 | _achange ; contemporary ; perspectives ; practices: ; Social ; work | ||
| 942 |
_2ddc _cBK |
||
| 999 |
_c172537 _d172537 |
||